Cumhuriyet Halk Partisi Genel başkan Deniz Baykal'ın CHP'li belediye başkanları toplantısında yaptığı konuşma (Record no. 6160)

MARC details
000 -BAŞLIK
Sabit Uzunlukta Kontrol Alanı 01540na a2200373 4500
001 - KONTROL NUMARASI
Denetim Alanı 19166
003 - KONTROL NUMARASI IDENTIFIER
Denetim Alanı MIRAKIL
005 - SON İŞLEM TARİHİ VE ZAMANI
Denetim Alanı 20181213155058.0
008 - SABİT-BOY VERİ ELEMANLARI - GENEL BİLGİLER
Sabit Uzunlukta Kontrol Alanı 161209b tu 000 0
035 ## - SİSTEM KONTROL NUMARASI
Sistem Kontrol Numarası 19166
040 ## - KATALOGLAMA KAYNAK
Orijinal Kataloglama Ajansı Milas
Kataloglama Dili tur
Metne Dönüştürmek Ajansı TR-AnCHP
041 ## - DİL KODU
Metin / Ses Parça Veya Ayrı Başlığın Dil Kodu tur
082 ## - DEWEY ONLU SINIFLANDIRMA NUMARASI
Sınıflandırma Numarası CHP 324.2172092
Ürün Numarası B29c 1994
090 ## - SINIFLAMA NUMARASI
Sınıflama Numarası BROŞÜR 3
100 ## - ANA GİRİŞ - KİŞİSEL İSİM
Kişisel Ad Baykal, Deniz
222 ## - ANAHTAR ADI
Anahtar Başlık CHP Genel Başkanı Deniz Baykal'ın konuşmaları
245 ## - BAŞLIK TABLOSU
Başlık Cumhuriyet Halk Partisi Genel başkan Deniz Baykal'ın CHP'li belediye başkanları toplantısında yaptığı konuşma
Sorumluluk Tablosu, Vb Deniz Baykal
246 ## - UNVAN FORM VARYING
Başlık Doğru / Kısa Başlığı CHP Genel başkan Deniz Baykal'ın CHP'li belediye başkanları toplantısında yaptığı konuşma
260 ## - YAYIN, DAĞITIM, VB
Yayın, Dağıtım, Vb Yeri [Ankara]
Yayıncı, Dağıtıcı, Vs Adı [CHP]
Yayın, Dağıtım, Vb Tarihi 1994
300 ## - FİZİKSEL TANIM
Kapsam 122 s.
Boyutlar 20 sm.
490 ## - SERİSİ TABLOSU
Seri Beyanı Cumhuriyet Halk Partisi yayınları
500 ## - GENEL NOT
Genel Not Dış kapakta adı : CHP Belediye Başkanları 1. Kurultayı : 28 Mayıs 1994
500 ## - GENEL NOT
Genel Not 7 kopya.
600 ## - KONU KATMA GİRİŞ - KURUMSAL ADI
Kişisel Ad Baykal, Deniz
Başlıklar Ve Bir Adla İlişkili Diğer Kelimeler CHP Genel Başkanı
Genel Alt Bölümü Konuşmalar, 1994
Kronolojik Alt Bölümü Kurultaylar, Belediye başkanları
610 ## - KONU KATMA GİRİŞ - TOPLANTI ADI
Giriş Elemanı Olarak Kurumsal Ad Veya Yargı Alanı Adı CHP
Genel Alt Bölüm Söylev ve demeçler
Kronolojik Alt Bölüm Kurultaylar, Belediye başkanları
650 ## - KONU KATMA GİRİŞ - TOPİKAL DÖNEM
Topikal Süreli Veya Coğrafi Ad Giriş Elemanı CHP Genel başkanları
Genel Alt Bölümü Konuşmalar,1994
Kronolojik Alt Bölümü Kurultaylar, Belediye başkanları
710 ## - KATMA GİRİŞ - KURUMSAL ADI
Giriş Elemanı Olarak Kurumsal Ad Veya Yargı Alanı Adı CHP
711 ## - KATMA GİRİŞ - TOPLANTI ADI
Giriş Elemanı Olarak Toplantı Adı Veya Yargı Alanı Adı CHP Belediye Başkanları Kurultayı
Toplantı Veya Antlaşma İmzalandığı Tarihi 28 Mayıs 1994
Bölüm / Bölüm / Toplantı Sayısı 1
740 ## - KATMA GİRİŞ - KONTROLSUZ İLGİLİ / ANALİTİK BAŞLIK
Kontrol Edilmeyen / İlgili Analitik Başlıktaki CHP Genel başkan Deniz Baykal'ın CHP'li belediye başkanları toplantısında yaptığı konuşma
830 ## - SERİSİ EKLENDİ GİRİŞ - ÜNİFORM ADI
Üniforma Başlık CHP yayınları
942 ## - EKLENDİ GİRİŞ ELEMANLARI (KOHA)
Sınıflandırma Veya Raf Düzeni Kaynak
Koha Öğesi Türü Books
999 ## - SİSTEM KONTROL NUMARALARI (KOHA)
Koha Biblionumber 6160
Koha Biblioitemnumber 6160
657 ## - INDEX SÜRE - İŞLEVİ
-- Deniz Baykalın konuşmaları
Holdings
Kullanım Kısıtlamaları Kalıcı Konum Mevcut Konum Edinme Tarihi Edinim Kaynak Kodlu Konum Eleme Toplam Check-Out'Lar Tam Çağrı Numarası Barkod Tarih Son Görülme İtibaren Geçerli Fiyatlar Koha Öğesi Türü
Kütüphane dışına çıkarılamaz CHP Kütüphanesi CHP Kütüphanesi 12/09/2016 Bağış BROŞÜRLER   BROŞÜR 3 011072 12/09/2016 12/09/2016 Books